<?xml version="1.0" encoding="UTF-8"?>
<collection xmlns="http://www.loc.gov/MARC21/slim">
 <record>
  <leader>04928nam a22006015i 4500</leader>
  <controlfield tag="001">978-3-030-48516-0</controlfield>
  <controlfield tag="003">DE-He213</controlfield>
  <controlfield tag="005">20210624142827.0</controlfield>
  <controlfield tag="007">cr nn 008mamaa</controlfield>
  <controlfield tag="008">200514s2020    gw |    s    |||| 0|eng d</controlfield>
  <datafield tag="020" ind1=" " ind2=" ">
   <subfield code="a">9783030485160</subfield>
   <subfield code="9">978-3-030-48516-0</subfield>
  </datafield>
  <datafield tag="024" ind1="7" ind2=" ">
   <subfield code="a">10.1007/978-3-030-48516-0</subfield>
   <subfield code="2">doi</subfield>
  </datafield>
  <datafield tag="050" ind1=" " ind2="4">
   <subfield code="a">QA76.9.L63</subfield>
  </datafield>
  <datafield tag="050" ind1=" " ind2="4">
   <subfield code="a">QA76.5913</subfield>
  </datafield>
  <datafield tag="072" ind1=" " ind2="7">
   <subfield code="a">UM</subfield>
   <subfield code="2">bicssc</subfield>
  </datafield>
  <datafield tag="072" ind1=" " ind2="7">
   <subfield code="a">COM051000</subfield>
   <subfield code="2">bisacsh</subfield>
  </datafield>
  <datafield tag="072" ind1=" " ind2="7">
   <subfield code="a">UM</subfield>
   <subfield code="2">thema</subfield>
  </datafield>
  <datafield tag="072" ind1=" " ind2="7">
   <subfield code="a">UYF</subfield>
   <subfield code="2">thema</subfield>
  </datafield>
  <datafield tag="082" ind1="0" ind2="4">
   <subfield code="a">005.1015113</subfield>
   <subfield code="2">23</subfield>
  </datafield>
  <datafield tag="245" ind1="1" ind2="0">
   <subfield code="a">Developments in Language Theory</subfield>
   <subfield code="h">[electronic resource] :</subfield>
   <subfield code="b">24th International Conference, DLT 2020, Tampa, FL, USA, May 11–15, 2020, Proceedings /</subfield>
   <subfield code="c">edited by Nataša Jonoska, Dmytro Savchuk.</subfield>
  </datafield>
  <datafield tag="250" ind1=" " ind2=" ">
   <subfield code="a">1st ed. 2020.</subfield>
  </datafield>
  <datafield tag="264" ind1=" " ind2="1">
   <subfield code="a">Cham :</subfield>
   <subfield code="b">Springer International Publishing :</subfield>
   <subfield code="b">Imprint: Springer,</subfield>
   <subfield code="c">2020.</subfield>
  </datafield>
  <datafield tag="300" ind1=" " ind2=" ">
   <subfield code="a">X, 333 p. 271 illus., 5 illus. in color.</subfield>
   <subfield code="b">online resource.</subfield>
  </datafield>
  <datafield tag="336" ind1=" " ind2=" ">
   <subfield code="a">text</subfield>
   <subfield code="b">txt</subfield>
   <subfield code="2">rdacontent</subfield>
  </datafield>
  <datafield tag="337" ind1=" " ind2=" ">
   <subfield code="a">computer</subfield>
   <subfield code="b">c</subfield>
   <subfield code="2">rdamedia</subfield>
  </datafield>
  <datafield tag="338" ind1=" " ind2=" ">
   <subfield code="a">online resource</subfield>
   <subfield code="b">cr</subfield>
   <subfield code="2">rdacarrier</subfield>
  </datafield>
  <datafield tag="347" ind1=" " ind2=" ">
   <subfield code="a">text file</subfield>
   <subfield code="b">PDF</subfield>
   <subfield code="2">rda</subfield>
  </datafield>
  <datafield tag="490" ind1="1" ind2=" ">
   <subfield code="a">Theoretical Computer Science and General Issues ;</subfield>
   <subfield code="v">12086</subfield>
  </datafield>
  <datafield tag="505" ind1="0" ind2=" ">
   <subfield code="a">Equational Theories of Scattered and Countable Series-parallel Posets -- Scattered Factor-Universality of Words -- On Normalish Subgroups of the R. Thompson’s Groups -- Computing the Shortest String and the Edit-Distance for Parsing Expression Languages -- An Approach to the Herzog-Schonheim Conjecture Using Automata -- On the Fine Grained Complexity of Finite Automata Non-Emptiness of Intersection -- The State Complexity of Lexicographically Smallest Words and Computing Successors -- Reconstructing Words from Right-Bounded-Block Words -- A Study of a Simple Class of Modifiers : Product Modifiers -- Operations on Permutation Automata -- Space Complexity of Stack Automata Models -- Descriptional Complexity of Semi-Simple Splicing Systems -- On the Degeneracy of Random Expressions Specified by Systems of Combinatorial Equations -- Dynamics of Cellular Automata on Beta-Shifts and Direct Topological Factorizations -- Avoidability of Additive Cubes over Alphabets of Four Numbers -- Equivalence of Linear Tree Transducers with Output in the Free Group -- On the Balancedness of Tree-to-word Transducers -- On Tree Substitution Grammars -- Sublinear-Time Language Recognition and Decision by One-Dimensional Cellular Automata -- Complexity of Searching for 2 by 2 Submatrices in Boolean Matrices -- Avoiding 5/4-powers on the Alphabet of Nonnegative Integers (Extended Abstract) -- Transition Property for α-Power Free Languages with α ≥ 2 and k ≥ 3 Letters -- Context-Freeness of Word-MIX Languages -- The Characterization of the Minimal Paths in the Christoﬀel Tree According to a Second-order Balancedness.</subfield>
  </datafield>
  <datafield tag="520" ind1=" " ind2=" ">
   <subfield code="a">This book constitutes the proceedings of the 24th International Conference on Developments in Language Theory, DLT 2020, which was due to be held in Tampa, Florida, USA, in May 2020. The conference was cancelled due to the COVID-19 pandemic. The 24 full papers presented were carefully reviewed and selected from 38 submissions. The papers present current developments in language theory, formal languages, automata theory and related areas, such as algorithmic, combinatorial, and algebraic properties of words and languages, cellular automata, algorithms on words, etc.</subfield>
  </datafield>
  <datafield tag="650" ind1=" " ind2="0">
   <subfield code="a">Computer logic.</subfield>
  </datafield>
  <datafield tag="650" ind1=" " ind2="0">
   <subfield code="a">Natural language processing (Computer science).</subfield>
  </datafield>
  <datafield tag="650" ind1=" " ind2="0">
   <subfield code="a">Computer science—Mathematics.</subfield>
  </datafield>
  <datafield tag="650" ind1=" " ind2="0">
   <subfield code="a">Computers.</subfield>
  </datafield>
  <datafield tag="650" ind1=" " ind2="0">
   <subfield code="a">Artificial intelligence.</subfield>
  </datafield>
  <datafield tag="650" ind1="1" ind2="4">
   <subfield code="a">Logics and Meanings of Programs.</subfield>
   <subfield code="0">https://scigraph.springernature.com/ontologies/product-market-codes/I1603X</subfield>
  </datafield>
  <datafield tag="650" ind1="2" ind2="4">
   <subfield code="a">Natural Language Processing (NLP).</subfield>
   <subfield code="0">https://scigraph.springernature.com/ontologies/product-market-codes/I21040</subfield>
  </datafield>
  <datafield tag="650" ind1="2" ind2="4">
   <subfield code="a">Mathematics of Computing.</subfield>
   <subfield code="0">https://scigraph.springernature.com/ontologies/product-market-codes/I17001</subfield>
  </datafield>
  <datafield tag="650" ind1="2" ind2="4">
   <subfield code="a">Information Systems and Communication Service.</subfield>
   <subfield code="0">https://scigraph.springernature.com/ontologies/product-market-codes/I18008</subfield>
  </datafield>
  <datafield tag="650" ind1="2" ind2="4">
   <subfield code="a">Logic in AI.</subfield>
   <subfield code="0">https://scigraph.springernature.com/ontologies/product-market-codes/I21020</subfield>
  </datafield>
  <datafield tag="700" ind1="1" ind2=" ">
   <subfield code="a">Jonoska, Nataša.</subfield>
   <subfield code="e">editor.</subfield>
   <subfield code="0">(orcid)0000-0003-0765-9425</subfield>
   <subfield code="1">https://orcid.org/0000-0003-0765-9425</subfield>
   <subfield code="4">edt</subfield>
   <subfield code="4">http://id.loc.gov/vocabulary/relators/edt</subfield>
  </datafield>
  <datafield tag="700" ind1="1" ind2=" ">
   <subfield code="a">Savchuk, Dmytro.</subfield>
   <subfield code="e">editor.</subfield>
   <subfield code="4">edt</subfield>
   <subfield code="4">http://id.loc.gov/vocabulary/relators/edt</subfield>
  </datafield>
  <datafield tag="710" ind1="2" ind2=" ">
   <subfield code="a">SpringerLink (Online service)</subfield>
  </datafield>
  <datafield tag="773" ind1="0" ind2=" ">
   <subfield code="t">Springer Nature eBook</subfield>
  </datafield>
  <datafield tag="776" ind1="0" ind2="8">
   <subfield code="i">Printed edition:</subfield>
   <subfield code="z">9783030485153</subfield>
  </datafield>
  <datafield tag="776" ind1="0" ind2="8">
   <subfield code="i">Printed edition:</subfield>
   <subfield code="z">9783030485177</subfield>
  </datafield>
  <datafield tag="830" ind1=" " ind2="0">
   <subfield code="a">Theoretical Computer Science and General Issues ;</subfield>
   <subfield code="v">12086</subfield>
  </datafield>
  <datafield tag="856" ind1="4" ind2="0">
   <subfield code="u">https://doi.org/10.1007/978-3-030-48516-0</subfield>
  </datafield>
  <datafield tag="912" ind1=" " ind2=" ">
   <subfield code="a">ZDB-2-SCS</subfield>
  </datafield>
  <datafield tag="912" ind1=" " ind2=" ">
   <subfield code="a">ZDB-2-SXCS</subfield>
  </datafield>
  <datafield tag="912" ind1=" " ind2=" ">
   <subfield code="a">ZDB-2-LNC</subfield>
  </datafield>
  <datafield tag="950" ind1=" " ind2=" ">
   <subfield code="a">Computer Science (SpringerNature-11645)</subfield>
  </datafield>
  <datafield tag="950" ind1=" " ind2=" ">
   <subfield code="a">Computer Science (R0) (SpringerNature-43710)</subfield>
  </datafield>
 </record>
</collection>
